|
|
|
|
| LEADER |
00000cam a2200000 i 4500 |
| 001 |
1/42589 |
| 008 |
971218s1993 gr | ||| |||| ||gre|| |
| 035 |
|
|
|a 1997
|c ΔΩΡΕΑ
|l 10041804
|
| 035 |
|
|
|l 10056092
|
| 040 |
|
|
|a GR-MyUA
|b gre
|e AACR2
|
| 041 |
1 |
|
|a gre
|a grc
|h grc
|
| 082 |
7 |
|
|a 882.13
|
| 100 |
0 |
|
|a Ευριπίδης,
|d 480-406.
|
| 245 |
1 |
0 |
|a Άλκηστις /
|c Ευριπίδης ; μετάφραση Τάσος Ρούσσος ; εισαγωγή-σχόλια Μεταφραστική Ομάδα Κάκτου.
|
| 260 |
|
|
|a Αθήνα :
|b Κάκτος,
|c 1993.
|
| 300 |
|
|
|a 154 σ. ;
|c 21 εκ.
|
| 490 |
1 |
|
|a (Έλληνες ;
|v 141)
|
| 500 |
|
|
|a Το αντίτυπο της Σύρου είναι δωρεάν διάθεση της εφημερίδας "Ελευθεροτυπία".
|
| 650 |
|
0 |
|a Greek drama (Tragedy)
|
| 700 |
1 |
|
|a Ρούσσος, Τάσος,
|d 1934-2015,
|e trl
|
| 830 |
|
0 |
|a Έλληνες ;
|v 141
|
| 852 |
|
|
|a INST
|b LESVOS
|e 19991220
|h 882.13 ΕΥΡ
|p 005100022365
|q 005100022365
|t BK
|y 0
|
| 852 |
|
|
|a INST
|b SAMOS
|e 19971218
|h 882.13 ΕΥΡ
|p 005300011971
|q 005300011971
|t BK
|y 0
|
| 852 |
|
|
|a INST
|b SYROS
|e 20220201
|h 882.13 ΕΥΡ
|p 005500015089
|q 005500015089
|t BK
|y 0
|
| 901 |
|
|
|a BIBL-1997-2
|
| 901 |
|
|
|a BIBL1-1999-3
|
| 922 |
|
|
|a 1ΕΛΗ
|b 199912
|c ΤΑΚ/ΚΥΒ
|d ΠΑΠΑΣΩΤΗΡΙΟΥ
|
| 950 |
|
|
|a 023-1999-12-06
|
| 970 |
|
|
|a Τζαφέρη
|b Ευαγγελία
|z 20/12/1999
|